| 000 | 00500nam a22001457a 4500 | ||
|---|---|---|---|
| 027 | _qHard Cover. | ||
| 040 | _cSINES-NUST. | ||
| 082 |
_a570.2 _bHUM |
||
| 100 |
_aMaleeha Humayun. _9108767 |
||
| 245 |
_aComparison of EBV Associated Nasopharyngeal Cancers for the Identification of Therapeutic Targets and Modification of Existing Therapies / _cHumayun, Maleeha |
||
| 260 |
_aIslamabad: _bSINES-NUST, _c2023. |
||
| 300 |
_a82 p. : _bill. ; _c35cm. |
||
| 650 | _xMS-Bioinformatics. | ||
| 942 |
_2ddc _cTHE |
||
| 999 |
_c593177 _d593177 |
||